Top 11 Champions League Saison 2023/2024 - Statistiken

Allgemein
  • Dieses Quiz wurde 405 mal gespielt
    404 seit der letzten Aktualisierung
  • Das Durchschnittsergebnis liegt bei 8 aus 11
Antwortstatistiken
Position Verein Spieler % Korrekt
Torwart Borussia Dortmund Gregor Kobel
97%
Angriff FC Bayern München Harry Kane
92%
Abwehr Borussia Dortmund Mats Hummels
92%
Angriff Real Madrid Vinícius Júnior
89%
Abwehr Real Madrid Antonio Rüdiger
88%
Abwehr Real Madrid Daniel Carvajal
75%
Angriff Manchester City Phil Foden
73%
Mittelfeld Real Madrid Jude Bellingham
72%
Mittelfeld Borussia Dortmund Marcel Sabitzer
58%
Abwehr Borussia Dortmund Ian Maatsen
56%
Mittelfeld Paris Saint-Germain Vitinha
56%
Keine übereinstimmenden Quizze gefunden
Verteilung der Resultate
Anzahl Personen mit jedem Resultat
Perzentil nach korrekt beantworteten Fragen
Ihre Resultats-Entwicklung
Sie haben dieses Quiz seit der letzten Aktualisierung nicht gespielt